| 000 | 01477cam a22003854i 4500 | ||
|---|---|---|---|
| 003 | PE-LiUPU | ||
| 005 | 20250731183356.0 | ||
| 008 | 170503s1940 r 000 0 spa d | ||
| 035 | _a(Sirsi) a167513 | ||
| 040 |
_aPE-LiUPU _bspa _cPE-LiUPU _erda |
||
| 049 | _aPRUA | ||
| 082 | 0 | 4 |
_a780.9 _bM12 _220 |
| 100 | 1 |
_aMcKinney, Howard D., _eautor. |
|
| 245 | 1 | 0 |
_aMusic in history : _bthe evolution of an art. |
| 264 | 1 |
_aNew York : _bAmerican book company, _c1940. |
|
| 300 |
_axx, 904 pages : _bilustrations ; _c23 centimeters |
||
| 336 |
_atext _2rdacontent |
||
| 337 |
_aunmediated _2rdamedia |
||
| 338 |
_avolume _2rdacarrier |
||
| 504 | _aIndex :pages 881-904. | ||
| 505 | 0 | _aThe arts in history -- The conjectural beginnings -- The origins of art -- Music in the life of the near east -- The music of the hellenic age -- Roman and early christian music -- The historical past -- The problematic present. | |
| 526 | _aP158 | ||
| 526 | _aP146 | ||
| 526 | _aP17 | ||
| 526 | _aP12 | ||
| 526 | _aP06 | ||
| 650 | 0 | 4 | _aMusica. |
| 700 | 1 |
_aAnderson, W. R. _eautor. |
|
| 910 |
_ajck _bncf _cncf _d20170503 |
||
| 942 |
_2ddc _cBOOK |
||
| 994 |
_aC0 _bPEPRU |
||
| 596 | _a1 | ||
| 999 |
_a780.9 M12 _wDEWEY _c16243 _i75741 _f2021-11-11 _g4 _lCCODEBUL1 _mBUL _p12.00 _r0 _sY _tBOOK _u2017-5-3 _xTEOLOGIA _PP85 _0COMPRA _o.STAFF. Colección Teologia _d16243 |
||
| 980 |
_81 _gALBERTO SANCHEZ Responsable de Automatización |
||